000 00669nam a2200241Ia 4500
003 OSt
005 20220926020121.0
006 a|||||r|||| 00| 0
007 ta
008 220923b |||||||| |||| 00| 0 eng d
037 _cGeneral Book
040 _aRTL
_cRTL
_beng
041 _2eng
_aeng
082 _aB280aS, L0
100 _aSmith G Milton
_9323607
245 0 _aSimplified guide to statistics for psychology and education
250 _a4
260 _aNew York
_bRinehart and Winston
_c1970
300 _ax,244p.
_ccm.
650 _aStatistics
_935791
942 _hB280aS, L0
_cGB
_2CC
999 _c633303
_d633303